000
00294nam a22001337a 4500
008
170810b xxu||||| |||| 00| 0 eng d
020
_a
9783825208028
041
_a
ger
080
_a
004
100
_a
35
101
_a
SHK
245
_a
WIRTSCHAFTS-INFORMATIK I
_c
HANSEN,H.R
942
_2
udc
_c
BK
999
_c
23168
_d
23168